000 00965nam a2200229Ia 4500
001 10288
003 GE_BSU
008 181216s||||||||xx |||||||||||||| ||und||
040 _cGE_BSU
080 _a908(439)+821.353.1-4+94(47+57)
100 _aსიხარულიძე,ვახტანგ
245 _aუნგრეთის მიწაზე:დოკუმენტური მოთხრობები
245 _b[მეორე მსოფლიო ომი]
245 _cრედ.ე.მესხი.მხატვ.გ.ავსაჯანიშვილი
260 _aთბილისი
260 _bსაბჭოთა საქართველო
260 _c1975
300 _a267გვ.8ფ.ილ.20სმ.
653 _aმეორე მსოფლიო ომი
653 _aუნგრეთის მიწაზე:დოკუმენტური მოთხრობები
942 _cBK
999 _c43556
_d43556